Právne predpisy pre úsek rozvoja vedy a techniky

Guardado en:
Detalles Bibliográficos
Formato: Libro
Lenguaje:eslovaco
Publicado: Bratislava Výskumný ústav kultúry 1979
Etiquetas: Agregar Etiqueta
Sin Etiquetas, Sea el primero en etiquetar este registro!

MARC

LEADER 00000nam a2200000 4500
001 c138314
005 20210819124609.9
041 0 |a slo 
044 |a SK 
245 1 0 |a Právne predpisy pre úsek rozvoja vedy a techniky 
264 1 |a Bratislava  |b Výskumný ústav kultúry  |c 1979 
300 |a 434 s.